000 01079nam a2200325 i 4500
003 EG-GICUC
005 20260423104054.0
008 260423s1963 fr adkafr|||| 001 0 fre d
040 _aEG-GiCUC
_bfre
_cEG-GiCUC
_dEG-GiCUC
_eRda
041 0 _afre
082 0 4 _221
_a343.6
_bBO . T
092 0 4 _221
099 _aLaw1 10 343.6 Bo . T 1 ed - 1963
100 1 _a Bouzat, Pierre.
_eAuteur
245 1 0 _aTraité De Droit Pénal Et De Criminologie:
_nTome III,
_cPar Pierre Bouzat Et Jean Pinatel/
_pCriminologie.
246 1 _a Criminologie.
264 _a Paris :
_b Librairie Dalloz,
_c1963.
300 _a542 page :
_btableaux;
_c 24 cm.
336 _2rda contenu
_a texte
337 _2rda medias
_aOrdinateur
338 _2 transporteur rda
_a Ressource en ligne
504 _aComprend des références bibliographiques.
546 _aTexte en français
650 1 4 _aDroit pénal.
_2qrmak
651 1 _2qrmak
700 1 _a Pinatel, Jean.
_eAuteur
856 4 0 _uhttps://fll.law.cu.edu.eg/fulltext/bks/B10-11273.pdf
905 _a171
942 _2ddc
_cBK
_e21
_n0
999 _c72971
_d72971